| 000 | 01528nam0a22003851 4500 | ||
|---|---|---|---|
| 001 | v19\rc\1773479 | ||
| 005 | 20250619071605.0 | ||
| 035 | _a(NLR Aleph) 004870064 | ||
| 090 |
_a5089384 _c5089384 |
||
| 100 | _a20061204d1904 |||y0rusy50 ca | ||
| 101 | 0 | _arus | |
| 102 | _aRU | ||
| 105 | _ae z 000yy | ||
| 200 | 1 |
_aГидрографические работы на Мурмане в 1903 году _fЛейт. Бухтеев |
|
| 210 |
_aСанкт-Петербург _cтип. Имп. Акад. наук _d1904 |
||
| 215 |
_a[2], 32 с., 3 л. пл. _d26 |
||
| 532 | 1 | 1 | _aГидрографические работы на Мурмане в тысяча девятьсот третьем году |
| 606 | 1 |
_aГидрографические работы _yМурманское побережье _92179363 _3RU\NLR\AUTH\6601547338 |
|
| 617 |
_aРоссия _mЕвропейская часть _mСеверо-Запад _mКольский полуостров |
||
| 686 | _aД229(2Р31-4Му) | ||
| 686 | _aД221.9(912.1) | ||
| 700 | 1 |
_7ca _8rus _aБухтеев _bА. М. _f1862-1940 _gАфанасий Михайлович _9131966 _3RU\NLR\AUTH\770132000 |
|
| 801 | 0 |
_aRU _bNLR _gpsbo |
|
| 801 | 0 |
_aRU _bRuMoRGB _2psbo |
|
| 801 | 1 |
_aRU _bProSoft-M _2rusmarc |
|
| 801 | 2 |
_aRU _bNLR _c20140324 _2rusmarc |
|
| 852 |
_aNLR _j34.82.6.267 |
||
| 899 |
_aRuMoRGB _jM 103/103 |
||
| 899 |
_aRuMoRGB _jM 157/101 |
||
| 899 | _aБАН | ||
| 899 | _aНБ СПбГУ | ||
| 899 | _aНБ МГУ | ||
| 942 | _cBOOK | ||
| 980 | _aNB | ||